Legislatívne zmeny v samospráve za rok 2020

Prehľad niektorých legislatívnych zmien za rok 2020 týkajúcich sa obcí, miest a vyšších územných celkov.

Salvato in:
Dettagli Bibliografici
Autore principale: Ukropec, Anton
Natura: Capitolo di libro
Lingua:slovacco
Soggetti:
Tags: Aggiungi Tag
Nessun Tag, puoi essere il primo ad aggiungerne!!

MARC

LEADER 00000naa a2200000 4500
001 0270648
005 20201214094122.6
041 0 |a slo 
044 |a SK 
245 1 0 |a Legislatívne zmeny v samospráve za rok 2020  |c Anton Ukropec 
520 |a Prehľad niektorých legislatívnych zmien za rok 2020 týkajúcich sa obcí, miest a vyšších územných celkov. 
610 2 0 |a legislatíva 
610 2 0 |a novelizácia 
610 2 0 |a obce 
610 2 0 |a mestá 
610 2 0 |a vyššie územné celky 
100 1 |a Ukropec, Anton